000
00333nam a22001457a 4500
005
20231017092935.0
020
_a
0-13-166611-8
041
_a
English
082
_a
004.22 M82 MAN
100
_a
Mano Morris.M
245
_a
Computer System Architecture
250
_a
2
260
_a
New Jersey
_b
Prentice Hall
_c
1982
942
_c
BK
999
_c
171339
_d
171339